[Event "Bogota McGregor op 2nd"]
[Site "Bogota"]
[Date "2011.12.07"]
[Round "3"]
[White "Paez, Adolfo"]
[Black "Morales, Juan Pablo"]
[Result "0-1"]
[WhiteElo "1771"]
[BlackElo "2041"]
[PlyCount "78"]
[EventDate "2011.12.06"]
[EventType "swiss"]
[EventRounds "10"]
[EventCountry "COL"]
[SourceTitle "CBM 145 Extra"]
[Source "ChessBase"]
[SourceDate "2012.01.03"]
[SourceVersion "1"]
[SourceVersionDate "2012.01.03"]
[SourceQuality "1"]

1. e4 c5 2. Nf3 Nc6 3. d4 cxd4 4. Nxd4 a6 5. Bc4 e6 6. Be3 Nf6 7. f3 Be7 8. 0-0 0-0 9. Qd2 b5 10. Bd3 Bc5 11. Ne2 Qb6 12. Bxc5 Qxc5+ 13. Kh1 d5 14. c3 Bb7 15. b4 Qb6 16. a4 Rad8 17. a5 Qa7 18. Ng3 Rd7 19. Qc2 Rc8 20. Qe2 Qb8 21. Nd2 Ne5 22. Rac1 Nxd3 23. Qxd3 dxe4 24. Qe2 exf3 25. Nxf3 Bd5 26. Rfd1 Rdc7 27. Qe3 Qb7 28. h3 h6 29. Rd2 Bxf3 30. gxf3 Nd5 31. Qe4 Rxc3 32. Rxc3 Rxc3 33. Rc2 Rxc2 34. Qxc2 Nxb4 35. Qb3 Nd5 36. Ne4 Qc7 37. Kg2 Qxa5 38. Nd6 Qd2+ 39. Kh1 Nf4 0-1